| 000 | 00683nam a22001937a 4500 | ||
|---|---|---|---|
| 005 | 20240212150022.0 | ||
| 008 | s2522 th tha d | ||
| 040 | _aNALT | ||
| 041 | _atha | ||
| 050 | _aDS586 อ647จ 2522 | ||
| 100 | 0 | _aอารมณ์ พงศ์พงัน | |
| 245 | 1 | 0 | _aจากคุกถึงคุก |
| 260 | 3 |
_aกรุงเทพฯ : _bหนุ่มสาว, _c2522 |
|
| 300 |
_a255 หน้า : _b ภาพประกอบ ; _c 18 ซม. |
||
| 650 | 0 | 4 | _aอารมณ์ พงศ์พงัน -- บันทึก |
| 650 | 0 | 4 | _aเหตุการณ์ 6 ตุลาคม 2519 |
| 850 | _aNALT | ||
| 942 |
_cGB _2lcc |
||
| 999 |
_c11884 _d11884 |
||
| 998 |
_j4574 _k นักศึกษาฝึกงาน-01 |
||